| 000 | 00434 a2200181 4500 | ||
|---|---|---|---|
| 005 | 20260421155044.0 | ||
| 008 | 260421b |||||||| |||| 00| 0 eng d | ||
| 020 |
_a9789392434273 _cRs. 1850.00 |
||
| 040 | _aMAIN | ||
| 082 |
_a591.6 _bM278E |
||
| 100 | _aMaharia, Vivek Singh | ||
| 245 | _aEconomic zoology | ||
| 260 |
_bR Publications _c2024 _aJaipur |
||
| 300 | _a256 | ||
| 650 | _aZoology | ||
| 650 | _aAnimals | ||
| 942 | _cBK | ||
| 999 |
_c395075 _d395075 |
||